[Event "Challenge"]
[Site "http://www.queenalice.com/game.php?id=153543"]
[Date "2007.1.13"]
[Round "-"]
[White "yoandy"]
[Black "PROFALEXANDRE"]
[Result "0-1"]
[WhiteElo "1323"]
[BlackElo "1416"]

1. e4 e5 2. Nf3 Nc6 3. Bc4 Qf6 4. c3 Qf4 5. d3 Qg4 6. O-O Nf6 7. h3 Qg6 8. Nh4
Qh5 9. Qxh5 Nxh5 10. Be3 Be7 11. Nf5 Bh4 12. Nxh4 O-O 13. Nd2 Nf4 14. Rfe1 g5
15. Nf5 Ng6 16. d4 d5 17. Bxd5 exd4 18. cxd4 Be6 0-1

[Event "Challenge"]
[Site "http://www.queenalice.com/game.php?id=153545"]
[Date "2007.1.13"]
[Round "-"]
[White "yoandy"]
[Black "captainslog"]
[Result "1-0"]
[WhiteElo "1100"]
[BlackElo "1488"]

1. e4 e5 2. Bc4 Nf6 3. d3 Nc6 4. Nf3 Bb4+ 5. Bd2 Bxd2+ 6. Qxd2 d5 7. exd5 Nxd5
8. Bxd5 Qxd5 9. Nc3 Qd6 10. O-O O-O 11. Rfe1 f6 12. Ne4 Qd5 13. h3 Nd4 14. Nxd4
exd4 15. Qf4 c5 16. Nd2 Be6 17. b3 b5 18. Re2 Rfe8 19. Rae1 Bd7 20. Ne4 Bc6 21.
f3 c4 22. Qg4 Bd7 23. Nxf6+ 1-0

[Event "Challenge"]
[Site "http://www.queenalice.com/game.php?id=153559"]
[Date "2007.1.13"]
[Round "-"]
[White "yoandy"]
[Black "lica"]
[Result "0-1"]
[WhiteElo "1371"]
[BlackElo "1224"]

1. e4 e5 2. Nf3 d6 3. h3 f6 4. Nc3 c5 5. Bc4 Ne7 6. d3 Nbc6 7. O-O Qd7 8. Nh4 g5
9. Qh5+ Kd8 10. Nf3 Nb4 11. Bb3 Nbc6 12. Qh6 Bxh6 13. Be3 a5 14. a3 f5 15. exf5
Rf8 16. g4 d5 17. Bxc5 Bg7 18. Rad1 d4 19. Ne4 a4 20. Be6 Qc7 21. Nfxg5 h6 22.
Nf7+ Rxf7 23. Bxf7 b6 24. Bd6 Qb7 25. Bd5 Nxd5 26. Rde1 Nf4 27. Kh2 Qd7 28. f3
h5 29. Rg1 Ba6 30. gxh5 Nxh5 31. Rg6 Qxf5 32. Reg1 Ra7 0-1

[Event "Challenge"]
[Site "http://www.queenalice.com/game.php?id=153598"]
[Date "2007.1.13"]
[Round "-"]
[White "Paulsains"]
[Black "yoandy"]
[Result "1-0"]
[WhiteElo "1750"]
[BlackElo "1325"]

1. e4 e5 2. Nf3 d6 3. Bc4 h6 4. O-O Nf6 5. d3 a6 6. Nc3 Bg4 7. h3 Bh5 8. d4 exd4
9. Qxd4 Bxf3 10. gxf3 Nc6 11. Qe3 Be7 12. Nd5 O-O 13. Nxe7+ Qxe7 14. Qf4 Ne5 15.
Bb3 Nh5 16. Qe3 Ng6 17. Kh2 Ngf4 18. Rg1 Qh4 19. Rg4 Qxh3+ 20. Kg1 Kh8 21. Rxf4
Nxf4 22. Qxf4 Rae8 23. Be3 Re5 24. Qg3 Qh5 25. Kg2 f5 26. Rh1 1-0

[Event "Challenge"]
[Site "http://www.queenalice.com/game.php?id=153605"]
[Date "2007.1.13"]
[Round "-"]
[White "yoandy"]
[Black "Chris93"]
[Result "0-1"]
[WhiteElo "1378"]
[BlackElo "1732"]

1. e4 e5 2. Nf3 Nc6 3. Bc4 Bc5 4. Nc3 d6 5. h3 Nf6 6. d3 Nd4 7. Bg5 Be6 8. Nd5
Bxd5 9. Bxd5 h6 10. Bh4 g5 11. Bg3 Nxd5 12. exd5 Qe7 13. O-O O-O-O 14. c3 Nxf3+
0-1

[Event "Challenge"]
[Site "http://www.queenalice.com/game.php?id=153607"]
[Date "2007.1.13"]
[Round "-"]
[White "yoandy"]
[Black "Blackangel"]
[Result "0-1"]
[WhiteElo "1276"]
[BlackElo "1895"]

1. e4 c5 2. Bc4 e6 3. d3 Nc6 4. Nf3 Nf6 5. Nc3 Nd4 6. O-O Nxf3+ 7. Qxf3 Qc7 8.
Qe3 h5 9. f4 b6 10. Bd2 Bb7 11. h3 h4 12. Rae1 Nh5 13. Ne2 O-O-O 14. f5 Bd6 15.
fxe6 Bh2+ 0-1

[Event "Challenge"]
[Site "http://www.queenalice.com/game.php?id=156946"]
[Date "2007.1.21"]
[Round "-"]
[White "yoandy"]
[Black "Paulsains"]
[Result "0-1"]
[WhiteElo "1373"]
[BlackElo "1748"]

1. e4 g6 2. d4 Nf6 3. Nc3 e6 4. Bg5 Be7 5. Nf3 d6 6. Bd3 O-O 7. O-O b6 8. h3 Bb7
9. Re1 Nbd7 10. Qd2 e5 11. d5 c6 12. Bc4 b5 13. Bb3 b4 14. Ne2 Nxe4 15. Qxb4
Nxg5 16. Nxg5 Bxg5 17. Qxb7 cxd5 18. Qxd5 Nf6 19. Qb7 Qa5 20. Nc3 Rab8 21. Qf3
Rb4 22. a3 Rf4 23. Qe3 Rf5 0-1

[Event "Challenge"]
[Site "http://www.queenalice.com/game.php?id=156947"]
[Date "2007.1.21"]
[Round "-"]
[White "yoandy"]
[Black "Paulsains"]
[Result "0-1"]
[WhiteElo "1325"]
[BlackElo "1752"]

1. e4 g6 2. d4 Bg7 3. Nf3 Nf6 4. Nc3 e6 5. Bc4 d6 6. Bg5 Qd7 7. O-O O-O 8. Qd2
d5 9. exd5 exd5 10. Bb3 Nc6 11. Bxf6 Bxf6 12. Nxd5 Bg7 13. c3 Na5 14. Bc2 Qxd5
15. b3 Bg4 16. c4 Qd6 17. Qxa5 Bxf3 18. gxf3 Bxd4 19. Rad1 Qf4 20. Be4 Be5 21.
Rfe1 Qxh2+ 22. Kf1 c6 23. Bd3 Rfe8 0-1

[Event "AUTO-INT-328"]
[Site "http://www.queenalice.com/game.php?id=161338"]
[Date "2007.1.31"]
[Round "1"]
[White "ricardosf"]
[Black "yoandy"]
[Result "1-0"]
[WhiteElo "1380"]
[BlackElo "1306"]

1. a4 e5 2. d4 c6 3. dxe5 Qa5+ 4. Bd2 Qxe5 5. f4 Qc7 6. a5 Nf6 7. e4 Nxe4 8. Be3
d5 9. a6 b6 10. c4 Bb4+ 11. Nc3 Nxc3 12. Qb3 Nxa6 13. bxc3 Bc5 14. Bxc5 Nxc5 15.
Qb4 Qe7+ 16. Ne2 Nd3+ 17. Kd2 Nxb4 18. cxb4 Qxb4+ 19. Nc3 1-0

[Event "AUTO-INT-328"]
[Site "http://www.queenalice.com/game.php?id=161339"]
[Date "2007.1.31"]
[Round "1"]
[White "yoandy"]
[Black "ricardosf"]
[Result "0-1"]
[WhiteElo "1290"]
[BlackElo "1393"]

1. e4 d5 2. c3 dxe4 3. Qa4+ Bd7 4. Qxe4 f5 5. Qc2 e5 6. Bc4 Nf6 7. Ne2 Ng4 8.
O-O Nxh2 9. Kxh2 Qh4+ 10. Kg1 f4 11. d4 f3 12. Ng3 fxg2 13. Re1 Bd6 14. Be3 h5
15. Qg6+ Kd8 16. Bg5+ Be7 17. Bxh4 Bxh4 18. Rxe5 Bxg3 0-1

[Event "yrv1"]
[Site "http://www.queenalice.com/game.php?id=166892"]
[Date "2007.2.10"]
[Round "-"]
[White "yoandy"]
[Black "merlos"]
[Result "0-1"]
[WhiteElo "1276"]
[BlackElo "1908"]

1. e4 e5 2. Nf3 Nc6 3. Bc4 Nf6 4. d3 Be7 5. Nc3 O-O 6. O-O d6 7. h3 a6 8. a4 Na5
9. Ba2 c5 10. Bd2 Bd7 0-1

[Event "yrv"]
[Site "http://www.queenalice.com/game.php?id=166913"]
[Date "2007.2.11"]
[Round "-"]
[White "yoandy"]
[Black "crister"]
[Result "0-1"]
[WhiteElo "1325"]
[BlackElo "1678"]

1. e4 e5 2. Nf3 d6 3. h3 Nf6 4. Nc3 Be7 5. Bc4 c6 6. d3 b5 7. Bb3 a5 8. a4 b4 9.
Ne2 O-O 10. O-O Bb7 11. Ng3 Nbd7 12. Be3 d5 13. exd5 cxd5 14. Re1 d4 0-1